|
|
|
|
| LEADER |
00000nab a2200000uu 4500 |
| 001 |
vtls010877478 |
| 003 |
SK-MaSNL |
| 005 |
20260303145129.0 |
| 008 |
230222|1977 xo |||||||||||||||||slo| |
| 015 |
|
|
|a SNBRB
|
| 035 |
|
|
|a (urnnbn)urn:nbn:sk:snk:ar-005rrb
|
| 035 |
|
|
|a (uuid)bb8e4d50-53b3-4bb7-bf93-a0aec374708e
|
| 035 |
|
|
|a urn:nbn:sk:snk-ab7lvx
|
| 040 |
|
|
|a SNKBUCL
|b slo
|c SNKBUCL
|e AACR2
|
| 041 |
0 |
|
|a slo
|
| 044 |
|
|
|a xo
|c SK
|
| 100 |
1 |
|
|a Churý, Slavko,
|d 1935-2006
|4 aut
|9 197607
|
| 245 |
1 |
0 |
|a PÂTEVODITEL NA CENTRALNIJA DÂRŽAVEN ISTORIČESKI ARCHIV.
|c Slavko Churý
|
| 773 |
0 |
|
|t Slovenská archivistika
|g Roč. 12, č. 2 (1977), s. 119-124
|
| 954 |
|
|
|a odborná, vedecká literatúra pôvodná (slovenská)
|2 lita
|
| 958 |
|
|
|a OND
|
| 958 |
|
|
|a EUIPO
|
| 958 |
|
|
|a article8
|
| 999 |
|
|
|c 2000717
|d 2002647
|